000 00657nam a2200229Ia 4500
003 OSt
005 20221006165517.0
006 a|||||r|||| 00| 0
007 ta
008 221006b |||||||| |||| 00| 0 eng d
024 _a3,170
037 _cTextual
040 _aFML
_cFML
_beng
041 _2eng
_aeng
082 _aNR441xL67, 54, 111N8 -; 1
100 _aTara Balagopal Au.
_9676412
245 0 _aPancha Ratna Kritis of Saint Tyagaraja
260 _aNew Delhi
_bHarman Publication
_c1998
300 _a174
_ccm.
942 _hNR441xL67, 54, 111N8 -; 1
_cTEXL
_2CC
999 _c1121087
_d1121087